000 00575nam a2200181Ia 4500
008 151018s9999 xx 000 0 und d
082 _bRBASDV28562
_a891.433
100 _aजयप्रकाश कदम
245 _aबौध्द दार्शनिक
250 _b1
260 _bसंगीता
_c1998
300 _a46
600 _aजयप्रकाश कदम
630 _aबौध्द दार्शनिक
700 _aजयप्रकाश कदम
730 _aबौध्द दार्शनिक
942 _cBOOK
999 _c1028133
_d1028130